[Event "Aut_chT1112"]
[Site "Jenbach"]
[Date "2012.01.21"]
[Round "2"]
[Board "2"]
[White "Hertneck, Gerald"]
[Black "Buhmann, Rainer"]
[Result "1-0"]
[WhiteElo "2531"]
[BlackElo "2614"]
[PlyCount "76"]
[EventDate "2012.01.20"]
[EventType "team"]
[EventRounds "11"]
[EventCountry "AUT"]
[WhiteTeam "SpGem. Kufstein Woergl"]
[BlackTeam "SK MPOE Maria Saal"]

1. d4 d5 2. c4 c6 3. Nf3 Nf6 4. e3 a6 5. Nbd2 Bf5 6. Be2 e6 7. O-O h6 8. Qb3
Qc7 9. Bd3 Bxd3 10. Qxd3 Nbd7 11. e4 dxe4 12. Nxe4 Be7 13. b3 O-O 14. Bb2 Rad8
15. Rfe1 Nxe4 16. Qxe4 Rfe8 17. Rad1 Bf6 18. Bc1 Be7 19. Qc2 Nf6 20. h3 c5 21.
dxc5 Bxc5 22. Bb2 Rxd1 23. Rxd1 Be7 24. Be5 Qc8 25. Bd6 Bxd6 26. Rxd6 Qc5 27.
Qd3 e5 28. Rd8 Rxd8 29. Qxd8+ Kh7 30. Qd2 g6 31. Qb2 Nd7 32. Nd2 a5 33. Ne4 Qc6
34. Nc3 Qc5 35. Qd2 Nf6 36. Qd8 Nh5 37. Nd5 Qd4 38. Qf8 e4 1-0

[Event "Aut_chT1112"]
[Site "Jenbach"]
[Date "2012.01.21"]
[Round "2"]
[Board "3"]
[White "Pavasovic, Dusko"]
[Black "Zelbel, Patrick"]
[Result "1/2-1/2"]
[WhiteElo "2557"]
[BlackElo "2379"]
[PlyCount "59"]
[EventDate "2012.01.20"]
[EventType "team"]
[EventRounds "11"]
[EventCountry "AUT"]
[WhiteTeam "SK MPOE Maria Saal"]
[BlackTeam "SpGem. Kufstein Woergl"]

1. e4 c5 2. c3 d5 3. exd5 Qxd5 4. d4 Nf6 5. Nf3 e6 6. Bd3 Be7 7. Be3 Nc6 8. O-O
O-O 9. a3 b6 10. Nbd2 cxd4 11. cxd4 Bb7 12. Qe2 Rfd8 13. Rfd1 Rac8 14. Rac1 Bf8
15. Bc4 Qd6 16. Ba2 h6 17. b4 Ne7 18. Nc4 Qb8 19. Nce5 Bd5 20. b5 Qb7 21. a4
Rxc1 22. Rxc1 Rc8 23. Bxd5 Nfxd5 24. Qd3 Rxc1+ 25. Bxc1 Nf5 26. Bd2 Qc7 27. g4
Nd6 28. h4 Qc8 29. Kf1 Qc7 30. Kg1 1/2-1/2

[Event "Aut_chT1112"]
[Site "Jenbach"]
[Date "2012.01.21"]
[Round "2"]
[Board "4"]
[White "Koepke, Christian"]
[Black "Kreisl, Robert"]
[Result "1/2-1/2"]
[WhiteElo "2398"]
[BlackElo "2400"]
[PlyCount "60"]
[EventDate "2012.01.20"]
[EventType "team"]
[EventRounds "11"]
[EventCountry "AUT"]
[WhiteTeam "SpGem. Kufstein Woergl"]
[BlackTeam "SK MPOE Maria Saal"]

1. e4 c6 2. c4 d5 3. cxd5 cxd5 4. exd5 Nf6 5. Nc3 Nxd5 6. Nf3 Nxc3 7. bxc3 g6
8. d4 Bg7 9. Bd3 O-O 10. O-O Nc6 11. Re1 Bg4 12. Be4 e5 13. Ba3 Re8 14. h3 Bxf3
15. Qxf3 exd4 16. Bxc6 bxc6 17. Red1 Qf6 18. Qxf6 Bxf6 19. cxd4 Re2 20. Bc5 Rc2
21. a3 Rxc5 22. dxc5 Bxa1 23. Rxa1 Rb8 24. Rc1 Rb3 25. Rd1 Rc3 26. Rd8+ Kg7 27.
Ra8 Rxa3 28. Rc8 Rc3 29. Rxc6 Rc1+ 30. Kh2 a5 1/2-1/2

[Event "Aut_chT1112"]
[Site "Jenbach"]
[Date "2012.01.21"]
[Round "2"]
[Board "5"]
[White "Halvax, Georg"]
[Black "Berchtenbreiter, Maximilian"]
[Result "1-0"]
[WhiteElo "2277"]
[BlackElo "2330"]
[PlyCount "113"]
[EventDate "2012.01.20"]
[EventType "team"]
[EventRounds "11"]
[EventCountry "AUT"]
[WhiteTeam "SK MPOE Maria Saal"]
[BlackTeam "SpGem. Kufstein Woergl"]

1. e4 c5 2. Nf3 d6 3. d4 cxd4 4. Nxd4 Nf6 5. Nc3 a6 6. Be3 e5 7. Nb3 Be6 8. Qd2
Nbd7 9. f4 exf4 10. Bxf4 Nc5 11. Qd4 Be7 12. O-O-O Bxb3 13. axb3 Ne6 14. Qd2
Nxf4 15. Qxf4 O-O 16. h4 Qa5 17. Kb1 Qe5 18. Qf3 Rac8 19. g4 Rxc3 20. Qxc3 Qxc3
21. bxc3 Nxe4 22. Rd4 Nxc3+ 23. Kb2 Nb5 24. Ra4 Bf6+ 25. Kc1 Nd4 26. Bg2 d5 27.
g5 Be5 28. Re1 Bg3 29. Re7 Bxh4 30. Re5 Bg3 31. Rxd5 Ne2+ 32. Kb2 Nf4 33. Rxf4
Bxf4 34. Rf5 Bc7 35. Bxb7 a5 36. c4 g6 37. Rc5 Bd8 38. Rd5 Bc7 39. Rc5 Bd8 40.
Rd5 f5 41. gxf6 Bxf6+ 42. Ka3 Be7+ 43. Ka4 Rb8 44. Rd7 Kf7 45. c5 Rd8 46. Rc7
Ke6 47. Kxa5 Rd7 48. Bc8 Bd8 49. Kb5 Bxc7 50. Kc6 Ba5 51. Bxd7+ Ke7 52. Bh3 h5
53. Kb7 g5 54. c6 Kd6 55. b4 Bd8 56. b5 g4 57. Bf1 1-0

[Event "Aut_chT1112"]
[Site "Jenbach"]
[Date "2012.01.21"]
[Round "2"]
[Board "6"]
[White "Neuschmied, Siegfried"]
[Black "Schachinger, Mario"]
[Result "0-1"]
[WhiteElo "2308"]
[BlackElo "2391"]
[PlyCount "86"]
[EventDate "2012.01.20"]
[EventType "team"]
[EventRounds "11"]
[EventCountry "AUT"]
[WhiteTeam "SpGem. Kufstein Woergl"]
[BlackTeam "SK MPOE Maria Saal"]

1. e4 e5 2. Nf3 Nc6 3. Bb5 a6 4. Ba4 Nf6 5. O-O Be7 6. Re1 b5 7. Bb3 d6 8. c3
O-O 9. h3 Nb8 10. d4 Nbd7 11. Nbd2 Bb7 12. Bc2 Re8 13. Nf1 Bf8 14. Ng3 g6 15.
d5 c6 16. dxc6 Bxc6 17. Nh2 Qc7 18. Ng4 Nxg4 19. hxg4 Nc5 20. g5 Be7 21. Qg4
Bd7 22. Nf5 Bf8 23. b4 Nxe4 24. Bxe4 gxf5 25. Bxf5 Bxf5 26. Qxf5 Qxc3 27. Be3
Qc8 28. Qd3 Qc4 29. Qa3 a5 30. bxa5 d5 31. Qb2 Rxa5 32. Bd2 Ba3 33. Qc3 b4 34.
Qh3 Bb2 35. Qd7 Qc8 36. Qxc8 Rxc8 37. Rab1 Bc3 38. Bxc3 bxc3 39. Rxe5 c2 40.
Rc1 Rb5 41. a4 Rb1 42. Ree1 Rcb8 43. Kh2 d4 0-1

[Event "Aut_chT1112"]
[Site "Jenbach"]
[Date "2012.01.21"]
[Round "2"]
[Board "1"]
[White "Fauland, Alexander"]
[Black "Socko, Bartosz"]
[Result "0-1"]
[WhiteElo "2452"]
[BlackElo "2647"]
[PlyCount "52"]
[EventDate "2012.01.20"]
[EventType "team"]
[EventRounds "11"]
[EventCountry "AUT"]
[WhiteTeam "ASVOE Poechlarn/Mauerbach"]
[BlackTeam "SK Advisory Invest Baden"]

1. Nf3 Nf6 2. g3 g6 3. b4 Bg7 4. Bb2 b6 5. Bg2 Bb7 6. O-O O-O 7. d3 c5 8. bxc5
bxc5 9. Nbd2 Nc6 10. Rb1 Rb8 11. c4 Qc7 12. Qa4 d6 13. Bxf6 Bxf6 14. Rb3 Ba8
15. Rfb1 Rxb3 16. Rxb3 Bg7 17. e3 Rd8 18. Ne1 e6 19. Rb5 Bc3 20. Nef3 Nb4 21.
Nb1 Bf6 22. Ne1 Bxg2 23. Kxg2 a6 24. Ra5 Qb7+ 25. Kf1 Nc6 26. Rxa6 Nb8 0-1

[Event "Aut_chT1112"]
[Site "Jenbach"]
[Date "2012.01.21"]
[Round "2"]
[Board "2"]
[White "Bartel, Mateusz"]
[Black "Farago, Ivan"]
[Result "1-0"]
[WhiteElo "2665"]
[BlackElo "2500"]
[PlyCount "97"]
[EventDate "2012.01.20"]
[EventType "team"]
[EventRounds "11"]
[EventCountry "AUT"]
[WhiteTeam "SK Advisory Invest Baden"]
[BlackTeam "ASVOE Poechlarn/Mauerbach"]

1. e4 e6 2. d3 c5 3. Nc3 Nc6 4. g3 g6 5. Bg2 Bg7 6. f4 d6 7. Nf3 Nge7 8. Be3
Nd4 9. O-O O-O 10. e5 Nef5 11. Bf2 Nxf3+ 12. Qxf3 Nd4 13. Qd1 dxe5 14. fxe5 Rb8
15. Ne4 b6 16. c3 Nf5 17. Nf6+ Bxf6 18. exf6 Qxf6 19. g4 Nd6 20. Bd4 Qg5 21.
Bf6 Qe3+ 22. Rf2 Bb7 23. Be7 Rfd8 24. Bxd8 Rxd8 25. Bxb7 Nxb7 26. Qf3 Qxf3 27.
Rxf3 Rd5 28. Kf2 Nd8 29. Ke2 h5 30. h3 hxg4 31. hxg4 Nc6 32. Re3 Kg7 33. Rh1
Rg5 34. Re4 Ne5 35. Rg1 Nd7 36. Kf3 Rd5 37. d4 cxd4 38. Rxd4 Ne5+ 39. Ke2 Ra5
40. a4 g5 41. Ra1 Ng6 42. b4 Re5+ 43. Kf3 Nf4 44. c4 a5 45. Re4 Nd3 46. c5 bxc5
47. Rxe5 Nxe5+ 48. Ke4 Nd7 49. bxa5 1-0

[Event "Aut_chT1112"]
[Site "Jenbach"]
[Date "2012.01.21"]
[Round "2"]
[Board "3"]
[White "Tuncer, Ufuk"]
[Black "Ruck, Robert"]
[Result "1/2-1/2"]
[WhiteElo "2287"]
[BlackElo "2579"]
[PlyCount "145"]
[EventDate "2012.01.20"]
[EventType "team"]
[EventRounds "11"]
[EventCountry "AUT"]
[WhiteTeam "ASVOE Poechlarn/Mauerbach"]
[BlackTeam "SK Advisory Invest Baden"]

1. e4 c6 2. d4 d5 3. Nc3 dxe4 4. Nxe4 Bf5 5. Ng3 Bg6 6. h4 h6 7. Nf3 Nd7 8. h5
Bh7 9. Bd3 Bxd3 10. Qxd3 e6 11. Bd2 Ngf6 12. O-O-O Be7 13. Kb1 c5 14. Ne4 cxd4
15. Nxf6+ Nxf6 16. Qb5+ Qd7 17. Qxd7+ Nxd7 18. Nxd4 O-O-O 19. Ba5 b6 20. Bc3
Kb7 21. Rhe1 Nf6 22. Nf3 Nxh5 23. Ne5 f5 24. Nd3 Rd6 25. Be5 Rdd8 26. Bc3 Rd6
27. Be5 Rdd8 28. Bc3 Rhe8 29. Rxe6 Bf6 30. Rxe8 Rxe8 31. Rh1 Bxc3 32. Rxh5 Bf6
33. Rxf5 a5 34. a4 Kc6 35. Kc1 Re4 36. b3 Rh4 37. Kd1 Rh2 38. g3 h5 39. Ke2 h4
40. gxh4 Rxh4 41. Ne5+ Kc7 42. Nc4 Kc6 43. Ne3 Rh1 44. Kd3 Rh4 45. c3 Kd7 46.
Rb5 Kc6 47. Nc4 Rh3+ 48. Ke4 Bd8 49. Ne5+ Kb7 50. f3 Rh4+ 51. Ng4 Rh1 52. Rd5
Bc7 53. c4 Rb1 54. Rd3 Kc6 55. Ne3 g6 56. Nc2 Bd6 57. Nd4+ Kb7 58. Kd5 Bc5 59.
Nb5 Re1 60. Nd6+ Kc7 61. Ne4 Ba3 62. Ke6 Kc6 63. Kf7 Rg1 64. Nf6 g5 65. Ng4 Bd6
66. Kf6 Bf4 67. Ne5+ Bxe5+ 68. Kxe5 g4 69. fxg4 Rxg4 70. Rd6+ Kc5 71. Rd5+ Kc6
72. Rd6+ Kc5 73. Rd5+ 1/2-1/2

[Event "Aut_chT1112"]
[Site "Jenbach"]
[Date "2012.01.21"]
[Round "2"]
[Board "4"]
[White "Shengelia, David"]
[Black "Kostic, Vladimir"]
[Result "1-0"]
[WhiteElo "2558"]
[BlackElo "2424"]
[PlyCount "103"]
[EventDate "2012.01.20"]
[EventType "team"]
[EventRounds "11"]
[EventCountry "AUT"]
[WhiteTeam "SK Advisory Invest Baden"]
[BlackTeam "ASVOE Poechlarn/Mauerbach"]

1. d4 d5 2. Nf3 c6 3. e3 Nf6 4. c4 g6 5. Nc3 Bg7 6. Be2 O-O 7. O-O Bg4 8. h3
Bxf3 9. Bxf3 e6 10. a4 Nbd7 11. a5 a6 12. Qb3 Ra7 13. Rd1 Qb8 14. e4 dxc4 15.
Qxc4 e5 16. Be3 Ra8 17. d5 Rc8 18. Qb3 Bf8 19. dxc6 Rxc6 20. Nd5 Nxd5 21. exd5
Rd6 22. Rac1 Nf6 23. Bc5 Rd7 24. d6 e4 25. Be2 Bxd6 26. Bxd6 Rxd6 27. Rxd6 Qxd6
28. Qxb7 Qb8 29. Rc7 Qxb7 30. Rxb7 Ne8 31. Rd7 f5 32. Bc4+ Kh8 33. b3 h5 34. g3
h4 35. gxh4 Nf6 36. Rd6 Kg7 37. Rxa6 Rd8 38. Kf1 Nh5 39. Ke1 Nf4 40. Bf1 Rc8
41. Kd2 Rd8+ 42. Kc2 Nd5 43. Ra7+ Kf6 44. Bc4 Nb4+ 45. Kc3 Na2+ 46. Kb2 Rd2+
47. Ka3 Rxf2 48. a6 Nc3 49. Kb4 Na2+ 50. Kc5 Nc1 51. Rf7+ Ke5 52. Re7+ 1-0

[Event "Aut_chT1112"]
[Site "Jenbach"]
[Date "2012.01.21"]
[Round "2"]
[Board "5"]
[White "Weinzettl, Ernst"]
[Black "Siebrecht, Sebastian"]
[Result "1/2-1/2"]
[WhiteElo "2301"]
[BlackElo "2463"]
[PlyCount "71"]
[EventDate "2012.01.20"]
[EventType "team"]
[EventRounds "11"]
[EventCountry "AUT"]
[WhiteTeam "ASVOE Poechlarn/Mauerbach"]
[BlackTeam "SK Advisory Invest Baden"]

1. e4 c5 2. Nf3 e6 3. d4 cxd4 4. Nxd4 a6 5. Nc3 Qc7 6. Qf3 Bd6 7. Be3 Be5 8.
Bd3 Ne7 9. Qh5 Nbc6 10. Nxc6 Nxc6 11. O-O b5 12. f4 Bd4 13. Bxd4 Nxd4 14. Qg4
O-O 15. e5 Bb7 16. Ne4 Bxe4 17. Bxe4 Rad8 18. c3 Nc6 19. Qh5 g6 20. Qh4 d6 21.
exd6 Rxd6 22. Bxc6 Qxc6 23. Rad1 Kg7 24. h3 Rd5 25. Qf2 Rfd8 26. Rxd5 Qxd5 27.
Qb6 Rd7 28. a3 Qe4 29. Qf2 Rd3 30. Re1 Qd5 31. Re3 Rd1+ 32. Re1 Rd2 33. Re2
Rd1+ 34. Re1 Rd2 35. Re2 Rd1+ 36. Re1 1/2-1/2

[Event "Aut_chT1112"]
[Site "Jenbach"]
[Date "2012.01.21"]
[Round "2"]
[Board "2"]
[White "Gustafsson, Jan"]
[Black "Sebenik, Matej"]
[Result "0-1"]
[WhiteElo "2642"]
[BlackElo "2529"]
[PlyCount "104"]
[EventDate "2012.01.20"]
[EventType "team"]
[EventRounds "11"]
[EventCountry "AUT"]
[WhiteTeam "SK Sparkasse Jenbach"]
[BlackTeam "SV Raika Rapid Feffernitz"]

1. d4 Nf6 2. c4 g6 3. Nc3 Bg7 4. e4 d6 5. Nf3 O-O 6. Be2 e5 7. Be3 exd4 8. Nxd4
Re8 9. f3 c6 10. Bf2 d5 11. exd5 cxd5 12. O-O Nc6 13. c5 Nh5 14. Qd2 Be5 15. g3
Ng7 16. Rfd1 Be6 17. Ncb5 a6 18. f4 axb5 19. fxe5 Nxe5 20. Bxb5 Bd7 21. Bf1 Nf5
22. Bg2 Nc4 23. Qc3 Nfe3 24. Bxe3 Nxe3 25. Re1 Nxg2 26. Kxg2 Rxe1 27. Qxe1 Qf6
28. Qf2 Bh3+ 29. Kg1 Qe7 30. b4 Qe4 31. Re1 Qd3 32. Nf3 Bf5 33. Nd4 Be4 34. Rf1
f5 35. Qb2 Qe3+ 36. Rf2 Ra3 37. Qd2 f4 38. Nb3 Ra4 39. gxf4 Qh3 40. Qd4 Ra8 41.
Qd1 Re8 42. Nd2 Bd3 43. Nf1 Bc4 44. Ng3 Re3 45. f5 d4 46. Nf1 Rd3 47. Qc1 Qg4+
48. Rg2 Rc3 49. Qe1 Qxf5 50. Ng3 Re3 51. Qd2 Qb1+ 52. Kf2 Bd5 0-1

[Event "Aut_chT1112"]
[Site "Jenbach"]
[Date "2012.01.21"]
[Round "2"]
[Board "3"]
[White "Diermair, Andreas"]
[Black "Gyimesi, Zoltan"]
[Result "0-1"]
[WhiteElo "2416"]
[BlackElo "2652"]
[PlyCount "64"]
[EventDate "2012.01.20"]
[EventType "team"]
[EventRounds "11"]
[EventCountry "AUT"]
[WhiteTeam "SV Raika Rapid Feffernitz"]
[BlackTeam "SK Sparkasse Jenbach"]

1. Nf3 d5 2. d4 Nf6 3. c4 e6 4. Nc3 c5 5. cxd5 Nxd5 6. g3 Nc6 7. Bg2 cxd4 8.
Nxd4 Nxc3 9. bxc3 Nxd4 10. Qxd4 Qxd4 11. cxd4 Bd6 12. e4 e5 13. dxe5 Bxe5 14.
Rb1 Be6 15. f4 Bd4 16. e5 Bxa2 17. Bxb7 O-O 18. Bxa8 Bxb1 19. Bf3 Ba2 20. Kf1
Rc8 21. Kg2 Rc2+ 22. Kh3 g6 23. Rd1 Bb6 24. f5 Rf2 25. Rd3 Bb1 26. Rc3 Bxf5+
27. g4 Be6 28. Bh6 Rb2 29. Bd5 Bd4 30. Rd3 Bxe5 31. Bd2 Bc8 32. Re3 h5 0-1

[Event "Aut_chT1112"]
[Site "Jenbach"]
[Date "2012.01.21"]
[Round "2"]
[Board "4"]
[White "Schlosser, Philipp"]
[Black "Novak, Pavel"]
[Result "1/2-1/2"]
[WhiteElo "2593"]
[BlackElo "2370"]
[PlyCount "60"]
[EventDate "2012.01.20"]
[EventType "team"]
[EventRounds "11"]
[EventCountry "AUT"]
[WhiteTeam "SK Sparkasse Jenbach"]
[BlackTeam "SV Raika Rapid Feffernitz"]

1. d4 Nf6 2. c4 g6 3. Nc3 Bg7 4. e4 d6 5. Nge2 O-O 6. Ng3 c5 7. d5 e6 8. Be2
exd5 9. cxd5 Re8 10. O-O b6 11. a4 Ba6 12. Bb5 Bxb5 13. axb5 a5 14. Bf4 Qc7 15.
Qd2 Nbd7 16. Ra4 Ng4 17. h3 Nge5 18. Bh6 c4 19. Bxg7 Kxg7 20. f4 Nd3 21. e5 f5
22. exf6+ Nxf6 23. f5 Re5 24. b3 Nb4 25. fxg6 hxg6 26. Qf4 Nbxd5 27. Rxc4 Qe7
28. Nxd5 Nxd5 29. Qc1 Re8 30. Kh2 Rh8 1/2-1/2

[Event "Aut_chT1112"]
[Site "Jenbach"]
[Date "2012.01.21"]
[Round "2"]
[Board "5"]
[White "Perhinig, Robert"]
[Black "Boensch, Uwe"]
[Result "0-1"]
[WhiteElo "2253"]
[BlackElo "2530"]
[PlyCount "78"]
[EventDate "2012.01.20"]
[EventType "team"]
[EventRounds "11"]
[EventCountry "AUT"]
[WhiteTeam "SV Raika Rapid Feffernitz"]
[BlackTeam "SK Sparkasse Jenbach"]

1. d4 Nf6 2. c4 e6 3. Nc3 Bb4 4. Qc2 c5 5. dxc5 Bxc5 6. Nf3 Nc6 7. e3 O-O 8. a3
d5 9. b4 Bd6 10. Bb2 a5 11. b5 Ne5 12. Nxe5 Bxe5 13. cxd5 exd5 14. Bd3 Be6 15.
Ne2 Rc8 16. Qb1 Qc7 17. f3 Bxb2 18. Qxb2 Nd7 19. Rc1 Nc5 20. Bb1 Qd7 21. O-O
Bf5 22. Nd4 Bxb1 23. Qxb1 g6 24. Qa2 Ne6 25. Nxe6 Qxe6 26. Qd2 a4 27. Qd4 Rfe8
28. Rxc8 Rxc8 29. h3 Rc4 30. Qd2 Qd6 31. Rd1 Qxa3 32. Qxd5 Qxe3+ 33. Kh2 Qf4+
34. Kh1 Rc1 35. Rxc1 Qxc1+ 36. Kh2 Qc7+ 37. Kg1 a3 38. Qb3 Qc1+ 39. Kh2 Qb2 0-1

[Event "Aut_chT1112"]
[Site "Jenbach"]
[Date "2012.01.21"]
[Round "2"]
[Board "6"]
[White "Lehner, Oliver"]
[Black "Arztmann, Wolfgang"]
[Result "1-0"]
[WhiteElo "2453"]
[BlackElo "2146"]
[PlyCount "51"]
[EventDate "2012.01.20"]
[EventType "team"]
[EventRounds "11"]
[EventCountry "AUT"]
[WhiteTeam "SK Sparkasse Jenbach"]
[BlackTeam "SV Raika Rapid Feffernitz"]

1. Nf3 e6 2. c4 d5 3. d4 c5 4. cxd5 exd5 5. g3 Nc6 6. Bg2 Nf6 7. O-O Be7 8.
dxc5 Bxc5 9. Bg5 O-O 10. Qb3 Re8 11. Nc3 d4 12. Bxf6 Qxf6 13. Nd5 Qd8 14. Nf4
Bb6 15. Rad1 Bf5 16. e3 Be4 17. Nxd4 Nxd4 18. exd4 Rc8 19. Bxe4 Rxe4 20. d5 Qg5
21. Qf3 Rec4 22. Rd2 g6 23. d6 Qa5 24. Rfd1 Qxa2 25. Nd5 Rd8 26. Qf6 1-0

[Event "Aut_chT1112"]
[Site "Jenbach"]
[Date "2012.01.22"]
[Round "3"]
[Board "2"]
[White "Hera, Imre"]
[Black "Gustafsson, Jan"]
[Result "1/2-1/2"]
[WhiteElo "2555"]
[BlackElo "2642"]
[PlyCount "64"]
[EventDate "2012.01.20"]
[EventType "team"]
[EventRounds "11"]
[EventCountry "AUT"]
[WhiteTeam "SK Sparkasse Fuerstenfeld"]
[BlackTeam "SK Sparkasse Jenbach"]

1. d4 Nf6 2. c4 e6 3. Nf3 d5 4. Nc3 Be7 5. Bg5 h6 6. Bh4 O-O 7. e3 Ne4 8. Bxe7
Qxe7 9. Rc1 c6 10. Bd3 Nxc3 11. Rxc3 dxc4 12. Bxc4 Nd7 13. Qc2 b5 14. Bd3 Bb7
15. O-O b4 16. Rc4 Rac8 17. Qa4 c5 18. Qxa7 Bxf3 19. gxf3 Ra8 20. Qb7 Qg5+ 21.
Kh1 Qd5 22. Qxd5 exd5 23. Rcc1 cxd4 24. Bb1 Ne5 25. Rfd1 dxe3 26. fxe3 Nxf3 27.
Rxd5 Rfe8 28. e4 Rac8 29. Kg2 Ne1+ 30. Kg3 Rxc1 31. Bd3 Nxd3 32. Rxd3 Ra1
1/2-1/2

[Event "Aut_chT1112"]
[Site "Jenbach"]
[Date "2012.01.22"]
[Round "3"]
[Board "3"]
[White "Gyimesi, Zoltan"]
[Black "Pinter, Jozsef"]
[Result "1/2-1/2"]
[WhiteElo "2652"]
[BlackElo "2548"]
[PlyCount "89"]
[EventDate "2012.01.20"]
[EventType "team"]
[EventRounds "11"]
[EventCountry "AUT"]
[WhiteTeam "SK Sparkasse Jenbach"]
[BlackTeam "SK Sparkasse Fuerstenfeld"]

1. d4 Nf6 2. c4 e6 3. Nf3 d5 4. Nc3 c5 5. cxd5 Nxd5 6. e4 Nxc3 7. bxc3 cxd4 8.
cxd4 Bb4+ 9. Bd2 Bxd2+ 10. Qxd2 O-O 11. Bc4 Nc6 12. O-O Na5 13. Bd3 b6 14. Rad1
Bb7 15. Rfe1 Qe7 16. Qf4 Rac8 17. d5 Nc4 18. Rc1 b5 19. a4 a6 20. axb5 axb5 21.
Bxc4 Rxc4 22. Rxc4 bxc4 23. dxe6 fxe6 24. Qe5 Rc8 25. Rc1 Qf6 26. Rc3 Qxe5 27.
Nxe5 Rc5 28. f4 Bxe4 29. Rxc4 Rxc4 30. Nxc4 h6 31. Kf2 Kh7 32. g3 Bd5 33. Ne5
g5 34. Ke3 Kg7 35. fxg5 hxg5 36. h4 gxh4 37. gxh4 Kf6 38. Kf4 Ba2 39. h5 Bb1
40. Nd7+ Ke7 41. Nc5 Kf6 42. Ne4+ Bxe4 43. Kxe4 Kg5 44. Ke5 Kxh5 45. Kxe6
1/2-1/2

[Event "Aut_chT1112"]
[Site "Jenbach"]
[Date "2012.01.22"]
[Round "3"]
[Board "4"]
[White "Poetz, Florian"]
[Black "Schlosser, Philipp"]
[Result "1/2-1/2"]
[WhiteElo "2419"]
[BlackElo "2593"]
[PlyCount "78"]
[EventDate "2012.01.20"]
[EventType "team"]
[EventRounds "11"]
[EventCountry "AUT"]
[WhiteTeam "SK Sparkasse Fuerstenfeld"]
[BlackTeam "SK Sparkasse Jenbach"]

1. e4 c5 2. Nf3 e6 3. d4 cxd4 4. Nxd4 a6 5. Nc3 b5 6. Bd3 d6 7. Qe2 Nf6 8. f4
Bb7 9. Nf3 Nbd7 10. e5 Nd5 11. Nxd5 Bxd5 12. a4 bxa4 13. O-O Nc5 14. f5 Be7 15.
Kh1 exf5 16. Bxf5 O-O 17. Be3 g6 18. Bxc5 dxc5 19. Be4 Bxe4 20. Qxe4 Rb8 21.
Rxa4 Rxb2 22. Rxa6 Qc8 23. Rfa1 Qb7 24. Qc4 Rb1+ 25. Ng1 Rb4 26. Qc3 Qd5 27.
Nf3 Rd8 28. h3 Bf8 29. R6a4 Qe6 30. Ra6 Qc4 31. Qe3 Re8 32. Qd2 Rb2 33. Qd7
Qxc2 34. Ne1 Qf5 35. Qxe8 Qf1+ 36. Kh2 Qf4+ 37. Kh1 Qf1+ 38. Kh2 Qf4+ 39. Kg1
Qf2+ 1/2-1/2

[Event "Aut_chT1112"]
[Site "Jenbach"]
[Date "2012.01.22"]
[Round "3"]
[Board "5"]
[White "Boensch, Uwe"]
[Black "Kuba, Guenter"]
[Result "1-0"]
[WhiteElo "2530"]
[BlackElo "2384"]
[PlyCount "59"]
[EventDate "2012.01.20"]
[EventType "team"]
[EventRounds "11"]
[EventCountry "AUT"]
[WhiteTeam "SK Sparkasse Jenbach"]
[BlackTeam "SK Sparkasse Fuerstenfeld"]

1. d4 d5 2. c4 e6 3. Nf3 Nf6 4. Nc3 Be7 5. Bg5 O-O 6. e3 h6 7. Bh4 b6 8. Be2
dxc4 9. Bxc4 Bb7 10. O-O Ne4 11. Bxe7 Qxe7 12. Rc1 c5 13. Nxe4 Bxe4 14. dxc5
bxc5 15. Be2 Rd8 16. Qa4 Bd5 17. Qa5 Nd7 18. b3 Rab8 19. Rfd1 Rdc8 20. h3 Nb6
21. Nd2 Rc7 22. e4 Ba8 23. f3 h5 24. Nc4 h4 25. Qd2 Qf6 26. Qe3 e5 27. Qc3 Nd7
28. Rd6 Qe7 29. Rcd1 Re8 30. Ne3 1-0

[Event "Aut_chT1112"]
[Site "Jenbach"]
[Date "2012.01.22"]
[Round "3"]
[Board "6"]
[White "Radnetter, Georg"]
[Black "Lehner, Oliver"]
[Result "1/2-1/2"]
[WhiteElo "2269"]
[BlackElo "2453"]
[PlyCount "69"]
[EventDate "2012.01.20"]
[EventType "team"]
[EventRounds "11"]
[EventCountry "AUT"]
[WhiteTeam "SK Sparkasse Fuerstenfeld"]
[BlackTeam "SK Sparkasse Jenbach"]

1. Nf3 d5 2. d4 e6 3. c4 c6 4. Nc3 dxc4 5. a4 Bb4 6. e3 b5 7. Bd2 a5 8. axb5
Bxc3 9. Bxc3 cxb5 10. b3 Bb7 11. bxc4 b4 12. Bb2 Nf6 13. Bd3 O-O 14. O-O Nbd7
15. Re1 Ne4 16. Nd2 Nxd2 17. Qxd2 Qc7 18. Rec1 e5 19. c5 Bc6 20. Bc4 exd4 21.
exd4 Be4 22. Re1 Bg6 23. Re7 Qd8 24. Re2 Qh4 25. g3 Qg4 26. Bd5 Rae8 27. f3
Rxe2 28. Qxe2 Qg5 29. Bc6 Nb8 30. Bb5 Qd8 31. Rd1 Qd5 32. Bc4 Qc6 33. Bb5 Qd5
34. Bc4 Qc6 35. Bb5 1/2-1/2

[Event "Aut_chT1112"]
[Site "Jenbach"]
[Date "2012.01.22"]
[Round "3"]
[Board "2"]
[White "Sebenik, Matej"]
[Black "Bartel, Mateusz"]
[Result "1-0"]
[WhiteElo "2529"]
[BlackElo "2665"]
[PlyCount "99"]
[EventDate "2012.01.20"]
[EventType "team"]
[EventRounds "11"]
[EventCountry "AUT"]
[WhiteTeam "SV Raika Rapid Feffernitz"]
[BlackTeam "SK Advisory Invest Baden"]

1. d4 Nf6 2. c4 e6 3. Nf3 Bb4+ 4. Bd2 c5 5. Bxb4 cxb4 6. g3 O-O 7. Bg2 d6 8.
Nbd2 Nc6 9. Nf1 Qa5 10. Ne3 b3+ 11. Qd2 Qa4 12. O-O bxa2 13. Qc3 Bd7 14. b3 Qb4
15. Qb2 Qb6 16. Qxa2 a5 17. Rfc1 Nb4 18. Qb2 Rfc8 19. c5 dxc5 20. Nc4 Qc7 21.
dxc5 Qxc5 22. Nfe5 Bc6 23. Nxa5 Qb6 24. Naxc6 bxc6 25. Nxc6 Nxc6 26. Rxc6 Qb4
27. Qc1 Qf8 28. Rxa8 Rxa8 29. b4 Rb8 30. b5 Nd7 31. Rc7 Qd8 32. h3 h6 33. Kh2
g5 34. Qc3 Nf8 35. Qc6 Qd4 36. e3 Qb2 37. Qf3 f5 38. Bf1 Rd8 39. Kg2 Rd2 40.
Bc4 Qe5 41. Rc8 Kg7 42. b6 Nd7 43. Rc6 Rd6 44. b7 Kf6 45. Rc7 Rd2 46. Rc8 Ke7
47. Qc6 Rb2 48. Bxe6 Nb8 49. Qe8+ Kd6 50. Qf8+ 1-0

[Event "Aut_chT1112"]
[Site "Jenbach"]
[Date "2012.01.22"]
[Round "3"]
[Board "4"]
[White "Novak, Pavel"]
[Black "Shengelia, David"]
[Result "0-1"]
[WhiteElo "2370"]
[BlackElo "2558"]
[PlyCount "111"]
[EventDate "2012.01.20"]
[EventType "team"]
[EventRounds "11"]
[EventCountry "AUT"]
[WhiteTeam "SV Raika Rapid Feffernitz"]
[BlackTeam "SK Advisory Invest Baden"]

1. e4 c5 2. Nf3 e6 3. c3 Nf6 4. e5 Nd5 5. d4 cxd4 6. cxd4 b6 7. Nc3 Nxc3 8.
bxc3 Qc7 9. Bd2 Bb7 10. Bd3 d6 11. O-O Nd7 12. Ng5 dxe5 13. Qh5 g6 14. Qh3 Be7
15. Rfe1 Bxg5 16. Bxg5 f5 17. Bb5 Bc6 18. Bxc6 Qxc6 19. Qh6 Kf7 20. dxe5 Rac8
21. Rad1 Rc7 22. h4 Qc5 23. Rd6 Nxe5 24. Red1 Qxd6 25. Rxd6 Ng4 26. Rd8 Nxh6
27. Rxh8 Kg7 28. Re8 Ng8 29. Rxe6 Rxc3 30. Bf4 Rc4 31. g3 Ra4 32. Rc6 Re4 33.
Bg5 h6 34. Rc7+ Kh8 35. Bd2 Re7 36. Rxe7 Nxe7 37. Bxh6 Nd5 38. Bd2 Kg7 39. Kf1
Kf6 40. Ke2 Ke6 41. Kd3 Nf6 42. Kc4 Ng4 43. Be1 Ne5+ 44. Kc3 Kd5 45. Bd2 Ng4
46. Be1 Ke4 47. Kc4 Kf3 48. Kb5 Nxf2 49. Ka6 Nd3 50. Bd2 Kxg3 51. Kxa7 b5 52.
Kb6 b4 53. Kb5 f4 54. Kc4 f3 55. Be3 Nc1 56. Kd4 0-1

[Event "Aut_chT1112"]
[Site "Jenbach"]
[Date "2012.01.22"]
[Round "3"]
[Board "5"]
[White "Siebrecht, Sebastian"]
[Black "Perhinig, Robert"]
[Result "1-0"]
[WhiteElo "2463"]
[BlackElo "2253"]
[PlyCount "59"]
[EventDate "2012.01.20"]
[EventType "team"]
[EventRounds "11"]
[EventCountry "AUT"]
[WhiteTeam "SK Advisory Invest Baden"]
[BlackTeam "SV Raika Rapid Feffernitz"]

1. c4 e6 2. Nf3 Nf6 3. g3 b6 4. Bg2 Bb7 5. O-O Be7 6. Nc3 O-O 7. Re1 d6 8. e4
Nbd7 9. d4 e5 10. b3 Ne8 11. Bb2 Bf6 12. Nd5 Bxd5 13. exd5 exd4 14. Nxd4 Bxd4
15. Qxd4 Nef6 16. g4 h6 17. h4 Ne5 18. g5 hxg5 19. hxg5 Nh5 20. f4 Ng6 21. Rf1
Qd7 22. f5 Ne5 23. Qh4 g6 24. Bh3 Qe8 25. Rae1 c6 26. dxc6 Qxc6 27. Bg2 Qd7 28.
Bd5 Ng7 29. Rxe5 dxe5 30. Bxe5 1-0